| 000 | 04911njm a22004933a 4500 | ||
|---|---|---|---|
| 005 | 20020122140905.0 | ||
| 008 | 020122s2000 xxuuun| 00| 1 | ||
| 010 | _aB-345994-346012 | ||
| 020 |
_a9788123707136 _c45.00 |
||
| 035 | _aB-345994-346012 | ||
| 035 | _aB-358516 | ||
| 037 | _bNorth India Publishers & Distributors | ||
| 040 |
_adpl _bEnglish |
||
| 082 | _aS | ||
| 245 |
_aThe best thirteen: _cillustrated by Mickey Patel _ba collection of the best stories from 13 languages of India / |
||
| 260 |
_c2008 _aNew Delh _bNational Book Trust |
||
| 270 |
_aA-5, Green Park _bNew Delhi _e110016 |
||
| 300 |
_a119p.: _bill. _c24cm. (pbk) |
||
| 490 | _aNehru Bal Pustakalaya | ||
| 700 | _aPatel, Mickey | ||
| 942 |
_2ddc _cCH _hS _mBES |
||
| 999 |
_c21882 _d21882 |
||